00436nam a2200157Ia 4500008004100000040001900041041001200060082002000072100002000092245004900112260003600161300001700197650003200214651001400246850001800260131103s9999 xx 000 0 und d aLoreto College aEnglish a920/PEQbLCLIB/ aEnglebert, Omer 4aThe wisdom of father pecquetcOmer Englebert aLondonbThames and hudsonc1953 a217p c 19cm aPecquet, Father - Biography aBiography aLCLIB/920/PEQ